000 00477nam a2200157 i 4500
001 55075
003 ES-MaACL
005 20230906163057.0
007 t|
008 030912s1949 sp ||||1| spa d
100 1 _aDelgado Fernández, Manuel.
_943450
245 1 0 _aRomancero del Coronel Villalba /
_cManuel Delgado Fernández.
260 _aMadrid :
_b[s.n.],
_c1949 (
_eCáceres :
_fImp. El Noticiero)
300 _a110 p. ;
_c21 cm.
852 _aES-MaACL
_j1898-F-12
_bR.28464
999 _c55075
_d55075